Metáforas de Colores en la Terminología Económica en Español y Eslovaco

Kontrastívno-porovnávacia analýza metaforických jednotiek s chromatickými prvkami v španielskom a slovenskom ekonomickom jazyku a zisťovanie, ktoré farby sa v oboch jazykoch používajú najčastejšie. Analýza a porovnanie, čo farby vyjadrujú, čo znamenajú a poukázanie aj na rozdiely a podobnosti v použ...

Full description

Saved in:
Bibliographic Details
Main Author: Pavliková, Želmíra, 1979-
Format: Book Chapter
Language:Spanish
Subjects:
Tags: Add Tag
No Tags, Be the first to tag this record!

MARC

LEADER 00000naa$a2200000$$$4500
001 0306367
005 20250121125702.2
041 0 |a spa 
044 |a RO 
245 1 0 |a Metáforas de Colores en la Terminología Económica en Español y Eslovaco  |c Želmíra Pavliková 
520 |a Kontrastívno-porovnávacia analýza metaforických jednotiek s chromatickými prvkami v španielskom a slovenskom ekonomickom jazyku a zisťovanie, ktoré farby sa v oboch jazykoch používajú najčastejšie. Analýza a porovnanie, čo farby vyjadrujú, čo znamenajú a poukázanie aj na rozdiely a podobnosti v používaní farieb v španielčine a slovenčine a hľadanie ekvivalentov. 
610 2 0 |a jazykoveda 
610 2 0 |a terminológia 
610 2 0 |a jazyky cudzie 
610 2 0 |a španielčina 
610 2 0 |a slovenčina 
610 2 0 |a farby 
610 2 0 |a ekonómia 
100 1 |a Pavliková, Želmíra, 1979-